00338nam a2200109 450000500170000000800410001702000150005810000210007324500490009426000630014330000220020620260224120739.0260224b |||||||| |||| 00| 0 eng d a0385011164 aMurray I. Mackay aHuman Anatomy Made Simplec/I. Mackay Murray aUnited States of America;bDoubleday & Company ,inc;c1969 a188p,ill;c25.5cm